| 000 | 00831nam a22001937a 4500 | ||
|---|---|---|---|
| 005 | 20120426114436.0 | ||
| 020 |
_c225.00 _a |
||
| 035 | _aA-960354 | ||
| 037 |
_b _adpl |
||
| 082 | _a372.35044 | ||
| 100 |
_aस्टोलबर्ग _945773 |
||
| 245 | 1 |
_aवायु, जल और मौसम / _cस्टोलबर्ग |
|
| 260 |
_aदिल्ली _bजनवाणी प्रकाशन _c1999 |
||
| 270 |
_a _b _e _k |
||
| 300 |
_a224पृ. _c22सेमी (सजिल्द) |
||
| 490 |
_aसामान्य विज्ञान-शिक्षण _945774 |
||
| 942 |
_adpl _cHN _k _2ddc _h372.35044 _mस्टोलब |
||
| 999 |
_c65659 _d65659 |
||